000 00724nam a2200181Ia 4500
008 100921s9999 xx 000 0 und d
082 _b21871
_a020 थ 86
100 _aमहाजन शांताराम गजानन.
245 _aवर्गीकरण तात्विक.
260 _bपुणे विद्यार्थीगृह प्रकाशन,पुणे.
_c1986
300 _a58
_b---
365 _b8
520 _aसं.ग्रंथालयशास्त्र.
630 _aवर्गीकरण तात्विक.
650 _aसं.ग्रंथालयशास्त्र.
730 _aवर्गीकरण तात्विक.
942 _cBOOK
999 _c770984
_d770981